000 00573nam a2200181Ia 4500
008 151202s9999||||xx |||||||||||||| ||und||
082 _bPNVM-40424
100 _aलेले अविनाश.
245 _aबहुगुणी आवळा.
260 _b"विजया प्रकाशन,पुणे."
260 _c1987
300 _a37
600 _aलेले अविनाश.
630 _aबहुगुणी आवळा.
700 _aलेले अविनाश.
730 _aबहुगुणी आवळा.
942 _cBOOK
999 _c1306376
_d1306373